| 000 | 00723nam a2200205 4500 | ||
|---|---|---|---|
| 001 | 111547 | ||
| 003 | ES-MaACL | ||
| 005 | 20230906185324.0 | ||
| 007 | t| | ||
| 008 | 061121s1941 sp r ||||1| spa d | ||
| 100 | 0 |
_aNapoleón _bI _c, Emperador de Francia. _984910 |
|
| 245 | 1 | 0 |
_aDe Córcega a Santa Elena _b: ( escritos y discursos) / _cNapoleón ; traducción y prólogo de D.Franco. |
| 260 |
_aMadrid : _bPegaso, _c1941. |
||
| 300 |
_a307 p. 1 lám. : _b`Retr. aut.` ; _c20 cm. |
||
| 490 | 1 |
_aColección ciencias del espíritu ; _vvol. III |
|
| 700 | 1 |
_aFranco, D. _952219 |
|
| 830 | 0 |
_aColección ciencias del espíritu ; _vvol. III _9233071 |
|
| 852 |
_aES-MaACL _jD-5467 _bR.30608 |
||
| 999 |
_c111547 _d111547 |
||